La geometría en la arquitectura / (Registro nro. 11934)

Detalles MARC
000 -LEADER
campo de control de longitud fija 02390nam a22005294i 4500
003 - IDENTIFICADOR DE NÚMERO DE CONTROL
campo de control PE-LiUPU
005 - FECHA Y HORA DE LA ÚLTIMA TRANSACCIÓN
campo de control 20250731183353.0
008 - DATOS DE LONGITUD FIJA--INFORMACIÓN GENERAL
campo de control de longitud fija 070118s2006 mx a g b 001 0 spa d
020 ## - NÚMERO INTERNACIONAL ESTÁNDAR DEL LIBRO
Número Internacional Estándar del Libro 9682474736
020 ## - NÚMERO INTERNACIONAL ESTÁNDAR DEL LIBRO
Número Internacional Estándar del Libro 9789682474736
035 ## - NÚMERO DE CONTROL DEL SISTEMA
Número de control de sistema (Sirsi) i9789682474736
040 ## - FUENTE DE CATALOGACIÓN
Centro catalogador/agencia de origen BNMEX
Lengua de catalogación spa
Centro/agencia transcriptor BNMEX
Centro/agencia modificador PE-LiUPU
Normas de descripción rda
041 1# - CÓDIGO DE IDIOMA
Código de lengua del texto/banda sonora o título independiente spa
Código de lengua original eng
049 ## - FONDOS LOCALES (OCLC)
Biblioteca depositaria PRUA
082 04 - NÚMERO DE LA CLASIFICACIÓN DECIMAL DEWEY
Número de clasificación 729
Cutter B61
082 04 - NÚMERO DE LA CLASIFICACIÓN DECIMAL DEWEY
Número de clasificación 729
Cutter B61 2006
100 1# - ENTRADA PRINCIPAL--NOMBRE DE PERSONA
Nombre de persona Blackwell, William,
Término indicativo de función/relación autor.
245 13 - MENCIÓN DEL TÍTULO
Título La geometría en la arquitectura /
Mención de responsabilidad, etc. William Blackwell.
250 ## - MENCION DE EDICION
Mención de edición Segunda edición.
264 ## - PRODUCCIÓN, PUBLICACIÓN, DISTRIBUCIÓN, FABRICACIÓN Y COPYRIGHT
Producción, publicación, distribución, fabricación y copyright México :
Nombre del de productor, editor, distribuidor, fabricante Trillas,
Fecha de producción, publicación, distribución, fabricación o copyright 2006.
300 ## - DESCRIPCIÓN FÍSICA
Extensión 197 páginas :
Otras características físicas ilustraciones ;
Dimensiones 27 centímetros.
336 ## - TIPO DE CONTENIDO
Término de tipo de contenido text
Fuente rdacontent
337 ## - TIPO DE MEDIO
Nombre/término del tipo de medio unmediated
Fuente rdamedia
338 ## - TIPO DE SOPORTE
Nombre/término del tipo de soporte volume
Fuente rdacarrier
504 ## - NOTA DE BIBLIOGRAFÍA, ETC.
Nota de bibliografía, etc. Índice : páginas 193-197.
505 0# - NOTA DE CONTENIDO CON FORMATO
Nota de contenido con formato Polígonos regulares -- El triángulo equilátero y el hexágono -- El cuadrado, el octágono y la progresión de los cuartos -- Los rectángulos -- El diamante y la diagonal -- Prismas y antiprismas -- Los sólidos clásicos -- Cúpulas, esferas y hemisferios.
526 ## - NOTA DE INFORMACIÓN SOBRE EL PROGRAMA DE ESTUDIO
Nombre del programa Maestría Bim Facility Management (A distancia)
526 ## - NOTA DE INFORMACIÓN SOBRE EL PROGRAMA DE ESTUDIO
Nombre del programa
526 ## - NOTA DE INFORMACIÓN SOBRE EL PROGRAMA DE ESTUDIO
Nombre del programa Educación musical y artes
526 ## - NOTA DE INFORMACIÓN SOBRE EL PROGRAMA DE ESTUDIO
Nombre del programa Educación, especialidad educación física
526 ## - NOTA DE INFORMACIÓN SOBRE EL PROGRAMA DE ESTUDIO
Nombre del programa Arquitectura
534 ## - NOTA SOBRE LA VERSIÓN ORIGINAL
Frase introductoria Titulo original :
Mención de título del original Geometry in architecture.
541 ## - NOTA DE FUENTE DE ADQUISICIÓN DIRECTA
-- 423-0000043;
596 ## -
-- 1 2
650 14 - PUNTO DE ACCESO ADICIONAL DE MATERIA--TÉRMINO DE MATERIA
Término de materia o nombre geográfico como elemento de entrada Arquitectura
Subdivisión general Composición, proporción, etc.
650 14 - PUNTO DE ACCESO ADICIONAL DE MATERIA--TÉRMINO DE MATERIA
Término de materia o nombre geográfico como elemento de entrada Geometría.
650 14 - PUNTO DE ACCESO ADICIONAL DE MATERIA--TÉRMINO DE MATERIA
Término de materia o nombre geográfico como elemento de entrada Diseño arquitectónico.
9 (RLIN) 4380
910 ## - DATOS DE OPCIÓN DEL USUARIO (OCLC)
Datos de opción del usuario jck
-- ncf
-- ncf
-- 20160817
910 ## - DATOS DE OPCIÓN DEL USUARIO (OCLC)
Datos de opción del usuario gavs
-- 20180924
942 ## - ELEMENTOS DE ENTRADA SECUNDARIOS (KOHA)
Fuente del sistema de clasificación o colocación Clasificación Decimal Dewey
Tipo de ítem Koha
949 ## - PROCESAMIENTO DE INFORMACIÓN LOCAL (OCLC)
a 729 B61
w DEWEY
c 1
i 74363
l CATALOGING
m BUL
p 34.12
r 0
s Y
t BOOK
u 17/08/16
x INGENIERIA
-- P06
0 DONACION
o .STAFF. Colección General
949 ## - PROCESAMIENTO DE INFORMACIÓN LOCAL (OCLC)
a 729 B61 2006
w DEWEY
c 1
i FT03894
l CCODEBUT1
m BUT
p {dolar}95.50
r 0
s Y
t BOOK
u 2018-09-24
x FIA
z ARQUITECTURA
0 COMPRA
o .STAFF. Colección General Tarapoto
994 ## -
-- C0
-- PEPRU
999 ## - NÚMEROS DE CONTROL DE SISTEMA (KOHA)
-- DEWEY
-- 74363
-- 2017-10-23
-- 2021-11-10
-- 7
-- CCODEBUL1
-- BUL
-- 2
-- 34.12
-- 1
-- 0
-- Y
-- BOOK
-- 2016-8-17
-- INGENIERIA
-- P06
-- DONACION
-- .STAFF. Colección General
999 ## - NÚMEROS DE CONTROL DE SISTEMA (KOHA)
-- DEWEY
-- FT03894
-- 2019-2-20
-- 1
-- CCODEBUT1
-- BUT
-- 95.50
-- 0
-- Y
-- BOOK
-- 2018-9-24
-- INGENIERIA
-- P06
-- COMPRA
-- FCOMPR2
-- .STAFF. Colección General Tarapoto
980 ## - EQUIVALENCIA O REFERENCIA-CRUZADA-MENCIÓN DE SERIE--NOMBRE DE PERSONA/TÍTULO [LOCAL, CANADÁ]
ID del último usuario que modificó el registro 1
Nombre del último usuario que modificó el registro ALBERTO SANCHEZ Responsable de Automatización
Existencias
Visto por última vez Número de inventario Total de préstamos Signatura topográfica completa Código de barras Fecha del último préstamo Copia número Coste, precio de reemplazo Fecha de reemplazo Facultad Tipo de ítem Koha Nota pública Estado de pérdida Fuente del sistema de clasificación o colocación Restricciones de uso No para préstamo Colección Programa académico Biblioteca de origen Biblioteca actual Ubicación en estantería Fecha de adquisición Fuente de adquisición Coste, precio normal de compra
2025-12-03 8 2 729 B61 74363 2017-10-23 e1 39.12 2016-08-17 FIA Libros físicos inventario-2023-12-13 No Perdido Clasificación Decimal Dewey No restringido Disponible para préstamos Colección General Arquitectura Biblioteca CRAI UPeU Lima Biblioteca CRAI UPeU Lima Sala principal 2016-08-17 DONACION 34.12